Aschkenas: (Titelsatznr. 80671)
[ MARC ]
| 000 -Satzkennung | |
|---|---|
| Kontrollfeld mit fester Länge | 00591nam a2200145 4500 |
| 008 - Feld mit fester Länge zur physischen Beschreibung - Allgemeine Angaben | |
| Kontrollfeld mit fester Länge | 210204b ||||| |||| 00| 0 eng d |
| 040 ## - Katalogisierungsquelle | |
| Original-Katalogisierungsstelle | STAFF |
| 041 ## - Sprachcode | |
| Sprachcode des Textes/der Tonspur oder des separaten Titels | ger |
| 245 ## - Titel | |
| Titel | Aschkenas: |
| Zusatz zum Titel | Zeitschrift für Geschichte und Kultur der Juden |
| 260 ## - Publikation, Vertrieb usw. (Erscheinungsvermerk) | |
| Erscheinungsort, Vertriebsort etc. | Berlin ; Bonn: |
| Name des Verlags, des Vertriebs etc. | De Gruyter |
| Date of publication, distribution, etc | 28 (2018/2) |
| 300 ## - Physische Beschreibung | |
| Umfang | 372 S. |
| 500 ## - Allgemeine Fußnote | |
| Allgemeine Fußnote | Themenheft: Friedrich Lotter: Die Juden im mittelalterlichen Kirchenrecht.<br/>Darin u.a.: Markus J. Wenninger: In Memoriam Friedrich Lotter (1924-2014), S. 1655 und Bibliographie Friedrich Lotter, S. 337 |
| 653 ## - Indexierungsterm - Nicht normiert | |
| Nicht-normierter Term | Lotter, Friedrich (1924-2014) |
| 942 ## - Zusätzliche Felder (Koha) | |
| Klassifikation oder Aufstellungssystematik | Andere/Generische Klassifikation |
| Koha-Medientyp | Bücher |
| Ausgeschieden | Verloren | Klassifikation oder Aufstellungssystematik | Beschädigt | Nicht entleihbar | Permanenter Standort | Aktueller Standort | Aufstellungsort | Erwerbungsdatum | Kodierter Standort-Qualifier | Jahrgang/Heft | Anzahl Ausleihen | Signatur | Letzte Aktivität | Exemplarnummer | Preis gültig von | Medientyp |
|---|---|---|---|---|---|---|---|---|---|---|---|---|---|---|---|---|
| Andere/Generische Klassifikation | Stadtarchiv Frankfurt (Oder) | Archivbibliothek | Stadtarchiv Frankfurt (Oder) | Archivbibliothek | Magazin | 04/02/2021 | M | 2018/ Heft 2 | II: 4998 | 04/02/2021 | 245/2020 | 04/02/2021 | Bücher |